LEADER 01303nam 2200409 450 001 9910156191303321 010 $a1-78635-479-9 035 $a(CKB)3710000000982097 035 $a(MiAaPQ)EBC4717117 035 $a(EXLCZ)993710000000982097 100 $a20161227h20172017 uy 0 101 0 $aeng 135 $aurcnu|||||||| 181 $2rdacontent 182 $2rdamedia 183 $2rdacarrier 200 00$aOn the cross road of polity, political elites and mobilization /$fedited by Barbara Wejnert, Paolo Parigi 210 1$aBingley, England :$cEmerald Group Publishing Limited,$d2017. 210 4$dİ2017 215 $a1 online resource (298 pages) 225 1 $aResearch in Political Sociology ;$vVolume 24 311 $a1-78635-480-2 320 $aIncludes bibliographical references. 410 0$aResearch in political sociology ;$vVolume 24. 606 $aPolitical sociology$xHistory 608 $aElectronic books. 615 0$aPolitical sociology$xHistory. 676 $a306.201 702 $aWejnert$b Barbara 702 $aParigi$b Paolo 801 0$bMiAaPQ 801 1$bMiAaPQ 801 2$bMiAaPQ 906 $aBOOK 912 $a9910156191303321 996 $aOn the cross road of polity, political elites and mobilization$92239983 997 $aUNINA LEADER 01779nam 2200409 n 450 001 996394915103316 005 20221108105436.0 035 $a(CKB)3810000000010972 035 $a(EEBO)2248518394 035 $a(UnM)99122141700971 035 $a(EXLCZ)993810000000010972 100 $a19850530d1641 uy 101 0 $aeng 135 $aurbn||||a|bb| 200 10$aTo the honourable the knights, citizens and burgesses of the Commons-House of Parliament$b[electronic resource] $ethe humble petition of sundry ministers intrusted to solicite the petition and remonstrance formerly exhibited to this Honourable House, and of many of their brethren, most humbly sheweth, 210 $aLondon $cPrinted for Iohn Bellamie and Ralph Smith.$d1641. 215 $a1 sheet ([1] p.) 300 $aAnonymous. By Cornelius Burges. 300 $aSteele notation: very perstitious a. 300 $aA variant, has publication date "1631". 300 $aIdentified as Wing B5641 on UMI microfilm set "Early English books, 1641-1700". 300 $aFilmed copy at UMI Tract Supplement reel C26 is a variant. 300 $aReproduction of original in the British Library. 330 $aeebo-0018 606 $aChurch and state$zGreat Britain$xHistory$y17th century 607 $aGreat Britain$xChurch history$y17th century$vEarly works to 1800 608 $aBroadsides$zEngland$y17th century.$2rbgenr 615 0$aChurch and state$xHistory 700 $aBurges$b Cornelius$f1589?-1665.$01002137 801 0$bCu-RivES 801 1$bCu-RivES 801 2$bCStRLIN 801 2$bCu-RivES 906 $aBOOK 912 $a996394915103316 996 $aTo the honourable the knights, citizens and burgesses of the Commons-House of Parliament$92397776 997 $aUNISA